5HLuxD.jpg

KING HENRY VIII SENIOR AND PRIMARY SCHOOL LIBRARY OPAC

Girls in pants : (Record no. 194)

000 -LEADER
fixed length control field 01566cam a2200349 a 4500
001 - CONTROL NUMBER
control field 14891727
003 - CONTROL NUMBER IDENTIFIER
control field OSt
005 - DATE AND TIME OF LATEST TRANSACTION
control field 20190731104437.0
008 - FIXED-LENGTH DATA ELEMENTS--GENERAL INFORMATION
fixed length control field 070614r20062005nyuc d 000 1 eng
010 ## - LIBRARY OF CONGRESS CONTROL NUMBER
LC control number 2007276862
020 ## - INTERNATIONAL STANDARD BOOK NUMBER
International Standard Book Number 9780553375930 (trade pbk.)
020 ## - INTERNATIONAL STANDARD BOOK NUMBER
International Standard Book Number 0553375938 (trade pbk.)
040 ## - CATALOGING SOURCE
Original cataloging agency DLC
Transcribing agency DLC
Modifying agency DLC
082 00 - DEWEY DECIMAL CLASSIFICATION NUMBER
Classification number FIC BRA
Edition number 22
100 1# - MAIN ENTRY--PERSONAL NAME
Personal name Brashares, Ann.
Relator term author
245 10 - TITLE STATEMENT
Title Girls in pants :
Remainder of title the third summer of the Sisterhood /
Statement of responsibility, etc. Ann Brashares.
250 ## - EDITION STATEMENT
Edition statement 1st Readers Circle ed.
260 ## - PUBLICATION, DISTRIBUTION, ETC.
Place of publication, distribution, etc. New York, NY :
Name of publisher, distributor, etc. Delacorte Press,
Date of publication, distribution, etc. 2006.
300 ## - PHYSICAL DESCRIPTION
Extent 338, 13 p. :
Other physical details port. ;
Dimensions 21 cm.
490 ## - SERIES STATEMENT
Series statement Sisterhood of the travelling pants series ;
Volume/sequential designation 3
520 ## - SUMMARY, ETC.
Summary, etc. The members of the Sisterhood of the Traveling Pants graduate from high school and spend their last summer before college learning about life and themselves. Includes readers' guide with discussion questions and an interview with the author.
650 #1 - SUBJECT ADDED ENTRY--TOPICAL TERM
Topical term or geographic name entry element Best friends
Form subdivision Fiction.
650 #1 - SUBJECT ADDED ENTRY--TOPICAL TERM
Topical term or geographic name entry element Friendship
Form subdivision Fiction.
650 #1 - SUBJECT ADDED ENTRY--TOPICAL TERM
Topical term or geographic name entry element Jeans (Clothing)
Form subdivision Fiction.
650 #1 - SUBJECT ADDED ENTRY--TOPICAL TERM
Topical term or geographic name entry element Conduct of life
Form subdivision Fiction.
856 42 - ELECTRONIC LOCATION AND ACCESS
Materials specified Contributor biographical information
Uniform Resource Identifier <a href="http://www.loc.gov/catdir/enhancements/fy0731/2007276862-b.html">http://www.loc.gov/catdir/enhancements/fy0731/2007276862-b.html</a>
856 42 - ELECTRONIC LOCATION AND ACCESS
Materials specified Publisher description
Uniform Resource Identifier <a href="http://www.loc.gov/catdir/enhancements/fy0731/2007276862-d.html">http://www.loc.gov/catdir/enhancements/fy0731/2007276862-d.html</a>
856 41 - ELECTRONIC LOCATION AND ACCESS
Materials specified Sample text
Uniform Resource Identifier <a href="http://www.loc.gov/catdir/enhancements/fy0731/2007276862-s.html">http://www.loc.gov/catdir/enhancements/fy0731/2007276862-s.html</a>
906 ## - LOCAL DATA ELEMENT F, LDF (RLIN)
a 7
b cbc
c origcop
d 1
e ncip
f 20
g y-gencatlg
942 ## - ADDED ENTRY ELEMENTS (KOHA)
Source of classification or shelving scheme
Koha item type Books - Fiction
Holdings
Withdrawn status Lost status Source of classification or shelving scheme Damaged status Not for loan Collection code Permanent Location Current Location Shelving location Date acquired Total Checkouts Full call number Barcode Date last seen Date last checked out Price effective from Koha item type
          Fiction KH8 Senior School Library KH8 Senior School Library Young Adult 2019-07-31 2 FIC BRA 3KHSL000101056 2024-07-23 2024-01-18 2019-07-31 Books - Fiction

Powered By KH8 IT Dept